Natural rubber research up to 2000 AD (Record no. 51313)

MARC details
000 -LEADER
fixed length control field 00327nam a2200109Ia 4500
100 ## - MAIN ENTRY--AUTHOR NAME
Personal name Nair C.K.N.
245 #0 - TITLE STATEMENT
Title Natural rubber research up to 2000 AD
260 ## - PUBLICATION, DISTRIBUTION, ETC. (IMPRINT)
Name of publisher Rubber Planters' Conference, 4-5 January 1974, Kottayam, India.
Year of publication 1974
650 ## - SUBJECT ADDED ENTRY--TOPICAL TERM
Topical Term Rubber research
942 ## - ADDED ENTRY ELEMENTS (KOHA)
Koha item type Bibliography STAF
Holdings
Withdrawn status Lost status Damaged status Not for loan Home library Current library Shelving location Date acquired Koha item type
      Bibliography RRII Library RRII Library Rubber general 09/04/2014 Bibliography STAF